Every LEGO Marvel Super Heroes Minifigure Released in 2021 - Statistics

General Stats
  • This quiz has been taken 13 times
  • The average score is 75 of 90
Answer Stats
Set Name # Answer % Correct
In Arishem's Shadow 76155 Ajak
100%
Mech 76168 Captain America (Steve Rogers)
100%
Doctor Octopus
100%
[...] at the Sanctum Workshop 76185 Doctor Strange
100%
Rise of the Domo 76156 Druig
100%
Deviant Ambush! 76154 Gilgamesh
100%
Eternals' Aerial Assault 76145 Ikaris
100%
[...] vs. [...] 76170 Iron Man
100%
Iron Spider Suit
100%
Kingo
100%
Makkari
100%
Michelle Jones
100%
Peter Parker
100%
Mech 76171 Spider-Man (Miles Morales)
100%
[...] and [...] Showdown 76172 Spider-Man (Peter Parker)
100%
Sprite
100%
Stealth Spider-Man Suit
100%
Steve Rogers
100%
Thanos
100%
Thanos
100%
[...]'s Sakaarian Iron Man 76194 Tony Stark
100%
[...]'s Drone Duel 76195 Vulture
100%
Wong
100%
Zombie Captain America
100%
Zombie Hunter Spider-Man
100%
Minifigures 71031 Alligator Loki
90%
Captain America (Sam Wilson)
90%
Attack on the Spider Lair 76175 Green Goblin
90%
The Guardians' Ship 76193 Groot
90%
Gwen Stacy
90%
J. Jonah Jameson
90%
Loki
90%
Mantis
90%
Mysterio
90%
Phastos
90%
Rocket Raccoon
90%
Sandman
90%
Sersi
90%
Shang-Chi
90%
[...]'s Monster Truck vs. [...] 76174 Spider-Gwen
90%
Star-Lord (Peter Quill)
90%
Sylvie
90%
Thena
90%
Mech 76169 Thor
90%
Thor
90%
Throg
90%
Valkyrie
90%
Venom
90%
Wenwu
90%
Aunt May
80%
[...] Dragon Flyer 76186 Black Panther
80%
The Avengers Advent Calendar 76196 Black Widow
80%
Bucky Barnes
80%
[...] & The Hydra Stomper 76201 Captain Carter
80%
[...] and [...] vs. [...] 76173 Carnage
80%
Daredevil
80%
Gamora
80%
[...]: [...] Mayhem 76190 Iron Monger
80%
Bro [...]'s New Asgard 76200 Korg
80%
Miek
80%
[...] vs. [...]'s Drone Attack 76184 Nick Fury
80%
Pepper Potts
80%
Razor Fist
80%
Red Skull
80%
Scarlet Witch
80%
Shuri
80%
Spider-Ham
80%
Star-Lord (T'Challa)
80%
Avengers: Endgame Final Battle 76192 Ant-Man
70%
Bernie The Cab Driver
70%
Blade
70%
Battle at the Ancient Village 76177 Death Dealer
70%
Escape from the Ten Rings 76176 Katy Chen
70%
Monica Rambeau
70%
Punisher
70%
Uatu the Watcher
70%
White Vision
70%
Betty Brant
60%
Firestar
60%
Ghost Rider
60%
Morris
60%
Robbie Robertson
60%
Xialing
60%
Daily Bugle 76178 Amber Grant
50%
Ben Urich
50%
Black Cat
50%
Captain Marvel
50%
Ron Barney
40%
[...] vs. [...] and [...] 40454 Iron Venom
20%
Pork Grind
20%
No matching quizzes found
Score Distribution
Percent of People with Each Score
Percentile by Number Answered
Your Score History
You have not taken this quiz